000 00781nas a2200253 4500
001 BR7800404
003 BR-BrBNA
005 20231205083303.0
007 ta
008 230509b bl.|||p| |||| 00| 00por d
040 _aBR-BrBNA
_bpor
_cBiblioteca Nacional de Agricultura
041 _a(Pt)
072 _aF25
100 1 _aKaminski, J.
100 1 _aBohnen, H.
245 1 _aFatores de acidez, 2: Combinacao de variaveis na avaliacao quantitativa de corretivos para solos acidos
650 _aFERTILIDADE DO SOLO
650 _aACIDEZ DO SOLO
650 _aCALCARIO
650 _aPH
773 0 _tRevista do Centro de Ciencias Rurais (Brazil)
_xISSN 0085-5901
_g(Mar 1977), v. 7(1) p. 47-54
_wBR7800404
909 _a202311
_bLúcia
_c55
_dLúcia Elande
942 _2AGRIS
_n0
_cANA
999 _c97732
_d97732